انتهزوا الفرصة..!: (رقم التسجيلة. 122699)

تفاصيل مارك
000 -LEADER
fixed length control field 01313cam a2200301 a 4500
003 - CONTROL NUMBER IDENTIFIER
control field EG-GiCUC
008 - FIXED-LENGTH DATA ELEMENTS--GENERAL INFORMATION
fixed length control field 110525s1992 ua g 000 0 ara d
017 ## - COPYRIGHT OR LEGAL DEPOSIT NUMBER
Copyright or legal deposit number 1992/2972
Assigning agency مصر . دار الكتب
040 ## - CATALOGING SOURCE
Original cataloging agency EG-GiCUC
Language of cataloging ara
Transcribing agency EG-GiCUC
043 ## - GEOGRAPHIC AREA CODE
Geographic area code n-us---
050 #4 - LIBRARY OF CONGRESS CALL NUMBER
Classification number E881
Item number .N59 1992
092 04 - LOCALLY ASSIGNED DEWEY CALL NUMBER (OCLC)
Classification number 327.73
Item number N7367
Edition number 21
099 ## - LOCAL FREE-TEXT CALL NUMBER (OCLC)
Classification number 04
-- 327.73 N7367
100 1# - MAIN ENTRY--PERSONAL NAME
Personal name نيكسون : ريتشارد
245 10 - TITLE STATEMENT
Title انتهزوا الفرصة..!:
Remainder of title التحدى الامريكى فى عالم الدولة العظمى الواحدة /
Statement of responsibility, etc. ريتشارد نيكسون ؛ ترجمة حاتم غانم
250 ## - EDITION STATEMENT
Edition statement ط1
260 ## - PUBLICATION, DISTRIBUTION, ETC.
Place of publication, distribution, etc. الاسكندرية :
Name of publisher, distributor, etc. شركة قايتباى للطباعة والنشر والتوزيع:
Date of publication, distribution, etc. 1992
300 ## - PHYSICAL DESCRIPTION
Extent 334ص؛
Dimensions 24سم
490 1# - SERIES STATEMENT
Series statement كتاب تحت الاضواء
546 ## - LANGUAGE NOTE
Language note الترجمة العربية لـ:seize the moment :
Information code or alphabet americas challenge in a one-superpower world
651 #7 - SUBJECT ADDED ENTRY--GEOGRAPHIC NAME
Geographic name الولايات المتحدة الامريكية
General subdivision العلاقات الخارجية
Chronological subdivision 1989-1993
Source of heading or term qrmak
830 #0 - SERIES ADDED ENTRY--UNIFORM TITLE
Uniform title كتاب تحت الاضواء
902 ## - LOCAL DATA ELEMENT B, LDB (RLIN)
No. of Items 1
905 ## - LOCAL DATA ELEMENT E, LDE (RLIN)
Cataloger ابراهيم
Reviser مراجع
905 ## - LOCAL DATA ELEMENT E, LDE (RLIN)
Cataloger عبير
Reviser مدخل
942 ## - ADDED ENTRY ELEMENTS (KOHA)
Source of classification or shelving scheme Dewey Decimal Classification
Koha item type Books
المقتنيات
Source of classification or shelving scheme Not for loan Home library Current library Date acquired Full call number Barcode Date last seen Copy number Koha item type
Dewey Decimal Classification   المكتبة المركزبة الجديدة - جامعة القاهرة قاعة المكتبات المهداة - الدور الرابع 11.02.2024 327.73 N7367 H.G. 01000100133130000 23.06.2024 C.1 Books
Cairo University Libraries Portal Implemented & Customized by: Eng. M. Mohamady Contacts: new-lib@cl.cu.edu.eg | cnul@cl.cu.edu.eg
CUCL logo CNUL logo
© All rights reserved — Cairo University Libraries
CUCL logo
Implemented & Customized by: Eng. M. Mohamady Contact: new-lib@cl.cu.edu.eg © All rights reserved — New Central Library
CNUL logo
Implemented & Customized by: Eng. M. Mohamady Contact: cnul@cl.cu.edu.eg © All rights reserved — Cairo National University Library